Geography of housing market areas (Record no. 111554)

MARC details
000 -LEADER
fixed length control field 01317cad a22002535a 4500
001 - CONTROL NUMBER
control field L151706
008 - FIXED-LENGTH DATA ELEMENTS--GENERAL INFORMATION
fixed length control field 101203s2010 xxk f 000 0 eng d
020 ## - INTERNATIONAL STANDARD BOOK NUMBER
International Standard Book Number 9781409826255
035 ## - SYSTEM CONTROL NUMBER
System control number (Sirsi) u151706
041 0# - LANGUAGE CODE
Language code of text/sound track or separate title eng
050 04 - LIBRARY OF CONGRESS CALL NUMBER
Classification number 306.1218
100 1# - MAIN ENTRY--PERSONAL NAME
Personal name Coombes, Mike
245 00 - TITLE STATEMENT
Title Geography of housing market areas
Remainder of title final report
Medium [electronic resources]
260 ## - PUBLICATION, DISTRIBUTION, ETC.
Place of publication, distribution, etc. London
Name of publisher, distributor, etc. DCLG
Date of publication, distribution, etc. 2010
505 2# - FORMATTED CONTENTS NOTE
Formatted contents note Introduction -- Theoretical perspective -- Housing market areas for strategic housing market assessments -- Constructing housing market area geographies -- A review of approaches and findings -- Standardised house prices -- Implications for spatial planning -- Conclusions and implications -- Supporting papers
520 ## - SUMMARY, ETC.
Summary, etc. Commissioned by the National Housing and Planning Advice Unit to construct a consistent geography of housing market areas for England. Geography will assist spatial planning of future affordable housing development.
590 ## - LOCAL NOTE (RLIN)
Local note KA
651 #4 - SUBJECT ADDED ENTRY--GEOGRAPHIC NAME
Geographic name England
Chronological subdivision 886-
690 ## - LOCAL SUBJECT ADDED ENTRY--TOPICAL TERM (OCLC, RLIN)
Topical term or geographic name as entry element PROPERTY-RESIDENTIAL PROPERTY-DOMESTIC RESIDENTIAL PROPERTY-HOUSING
691 ## - LOCAL SUBJECT ADDED ENTRY--GEOGRAPHIC NAME (RLIN)
Geographic name PROPERTY-RESIDENTIAL PROPERTY
700 1# - ADDED ENTRY--PERSONAL NAME
Personal name Wong, Cecilia
856 40 - ELECTRONIC LOCATION AND ACCESS
Uniform Resource Identifier <a href="https://www.communities.gov.uk/documents/statistics/pdf/1785484.pdf">https://www.communities.gov.uk/documents/statistics/pdf/1785484.pdf</a>
Public note View this item free of charge at www.communities.gov.uk
942 ## - ADDED ENTRY ELEMENTS (KOHA)
Suppress in OPAC 0
Holdings
Withdrawn status Lost status Source of classification or shelving scheme Damaged status Not for loan Home library Current library Shelving location Date acquired Total Checkouts Full call number Barcode Date last seen Copy number Price effective from Koha item type
    Dewey Decimal Classification     Virtual Virtual Online 03/12/2010   ONLINE PUBLICATION 151706-2001 06/08/2019 1 06/08/2019 Book